[Event "GAMMA Reykjavik Open 2019"]
[Site "Reykjavik ISL"]
[Date "2019.04.08"]
[Round "1.2"]
[White "Visser, Henk-Jan"]
[Black "Grandelius, Nils"]
[Result "0-1"]
[BlackTitle "GM"]
[WhiteElo "2269"]
[BlackElo "2687"]
[WhiteFideId "1010204"]
[BlackFideId "1710400"]
[EventDate "2019.04.08"]

1. e4 c5 2. Nf3 e6 3. d4 cxd4 4. Nxd4 a6 5. Bd3 Bc5 6. Nb3 Ba7 7. Qg4 Nf6 8. Qg3
d6 9. Nc3 Nc6 10. Bg5 h6 11. Bd2 Ne5 12. Be2 b5 13. O-O-O b4 14. Bf4 Ned7 15. e5
dxe5 16. Bxe5 bxc3 17. Bf3 Nh5 18. Bxh5 Qg5+ 19. Bf4 cxb2+ 20. Kb1 Qxg3 21. Bxg3
Bb6 22. Bd6 Ra7 23. c4 Bc7 24. Rhe1 Bxd6 25. Rxd6 Ke7 26. Red1 Rc7 27. Na5 Ne5
28. Be2 g5 29. g3 g4 30. R6d4 h5 31. R1d2 Bd7 32. Rxb2 h4 33. Bxg4 hxg3 34. fxg3
Nxg4 35. Rxg4 e5 36. Rh4 Rxh4 37. gxh4 Rc5 38. Nb7 Rxc4 39. Rb6 Rxh4 40. Nc5 Bb5
41. a4 Bxa4 42. Rxa6 Bb5 43. Rb6 Bc4 44. Rb2 e4 45. Na4 f5 46. Kc1 Kf6 47. Kd1
Rg4 48. Rb4 e3 49. Nc3 Ke5 50. Rb8 Rg1+ 51. Kc2 Rg2+ 0-1

[Event "GAMMA Reykjavik Open 2019"]
[Site "Reykjavik ISL"]
[Date "2019.04.08"]
[Round "1.4"]
[White "Bewersdorff, Oliver"]
[Black "L'Ami, Erwin"]
[Result "0-1"]
[WhiteTitle "FM"]
[BlackTitle "GM"]
[WhiteElo "2261"]
[BlackElo "2647"]
[WhiteFideId "4602897"]
[BlackFideId "1007998"]
[EventDate "2019.04.08"]

1. c4 e5 2. g3 Nc6 3. Nc3 Bb4 4. Nd5 Nf6 5. Bg2 O-O 6. a3 Bd6 7. d3 Nxd5 8. cxd5
Ne7 9. d4 exd4 10. Qxd4 c5 11. dxc6 dxc6 12. Nf3 Nf5 13. Qd3 Be7 14. Qxd8 Rxd8
15. O-O Be6 16. e4 Nd6 17. Nd4 Bc4 18. Re1 Bd3 19. e5 Nc4 20. Nf3 Bf5 21. Bf1
Na5 22. Be3 c5 23. Nd2 Nc6 24. f4 Nd4 25. Bxd4 Rxd4 26. Nf3 Rdd8 27. a4 Be6 28.
Rec1 h6 29. Bc4 g5 30. Bxe6 fxe6 31. fxg5 hxg5 32. g4 Rd3 33. Rc3 Rad8 34. Rac1
b6 35. Kg2 Kf7 36. Kf2 R3d5 37. R1c2 Kg6 38. Kg2 Rf8 39. b3 a6 40. h3 Rfd8 41.
Re2 Rd3 42. Re3 Rd1 43. Re1 Rxe1 44. Nxe1 Rd2+ 45. Kf3 Kf7 46. Rd3 Rh2 47. Kg3
Re2 48. Nf3 Ke8 49. Nd2 b5 50. axb5 axb5 51. Nf3 Re4 52. Kg2 Re2+ 53. Kg3 b4 54.
Rd2 Re3 55. Rb2 Rc3 56. Kg2 Kd7 57. Nd2 Kc6 58. Nc4 Kb5 59. Nd2 Rd3 60. Rc2 Kc6
61. Nf3 Kd5 62. Rb2 c4 63. bxc4+ Kxc4 0-1

[Event "GAMMA Reykjavik Open 2019"]
[Site "Reykjavik ISL"]
[Date "2019.04.08"]
[Round "1.5"]
[White "Movsesian, Sergei"]
[Black "Abbas, Daniel"]
[Result "1-0"]
[WhiteTitle "GM"]
[BlackTitle "FM"]
[WhiteElo "2637"]
[BlackElo "2253"]
[WhiteFideId "310204"]
[BlackFideId "423831"]
[EventDate "2019.04.08"]

1. e4 c5 2. Nc3 a6 3. Nf3 e6 4. d4 cxd4 5. Nxd4 Qc7 6. g3 Bb4 7. Ne2 Nf6 8. Bg2
O-O 9. Bf4 d6 10. a3 Bxc3+ 11. Nxc3 e5 12. Be3 b5 13. Qd2 h6 14. O-O-O Rd8 15.
f4 Nc6 16. h3 Bb7 17. Qf2 Qe7 18. Bb6 Rdc8 19. Qd2 Nd4 20. Bxd4 exd4 21. Qxd4
Rc4 22. Qxd6 Qxd6 23. Rxd6 Nxe4 24. Rd7 Bc6 25. Rc7 Nxc3 26. Rxc6 Rxc6 27. Bxc6
Rc8 28. Bb7 Rb8 29. Bxa6 Ne2+ 30. Kb1 Nxg3 31. Re1 Rb6 32. Bc8 g6 33. Bg4 h5 34.
Bd7 h4 35. Re5 Nh5 36. Rxb5 Rxb5 37. Bxb5 Kf8 38. f5 g5 39. Kc1 Nf4 40. f6 1-0

[Event "GAMMA Reykjavik Open 2019"]
[Site "Reykjavik ISL"]
[Date "2019.04.08"]
[Round "1.6"]
[White "Eric, Jovana"]
[Black "Lupulescu, Constantin"]
[Result "0-1"]
[WhiteTitle "WGM"]
[BlackTitle "GM"]
[WhiteElo "2247"]
[BlackElo "2634"]
[WhiteFideId "938238"]
[BlackFideId "1207822"]
[EventDate "2019.04.08"]

1. e4 c5 2. Nc3 Nc6 3. Nge2 d6 4. d4 cxd4 5. Nxd4 Nf6 6. Bg5 e6 7. Qd2 a6 8.
O-O-O Be7 9. f3 Nxd4 10. Qxd4 b5 11. h4 Bb7 12. g4 h6 13. Bxf6 gxf6 14. Be2 Qc7
15. Rhe1 Qc5 16. a3 h5 17. Qxc5 dxc5 18. gxh5 Rxh5 19. Rg1 Rh8 20. h5 Rd8 21.
Rh1 Bd6 22. Kb1 Bf4 23. Rxd8+ Kxd8 24. Nd1 Ke7 25. Nf2 c4 26. b3 Bg3 27. Ng4
cxb3 28. cxb3 f5 29. exf5 exf5 30. Ne3 Kf6 31. Rh3 Bf4 32. Ng2 Bh6 33. Bd3 Rg8
34. Nh4 Rg1+ 35. Kc2 Bc8 36. Rh2 Be6 37. Kb2 Bf4 38. Re2 Rh1 39. Ng2 Be5+ 40.
Kc2 Rxh5 41. a4 bxa4 42. bxa4 a5 43. f4 Bd6 44. Kc3 Rh3 45. Kd4 Bb8 46. Rb2 Ba7+
47. Kc3 Bc5 48. Rb5 Bb4+ 49. Kd4 Rf3 50. Re5 Bd2 51. Re2 Bxf4 52. Ne1 Rh3 53.
Kc5 Be5 54. Bb5 Rc3+ 55. Kb6 Bc7+ 56. Ka7 f4 57. Rf2 Bf5 58. Nf3 Bd6 59. Ka6 Bc5 0-1

[Event "GAMMA Reykjavik Open 2019"]
[Site "Reykjavik ISL"]
[Date "2019.04.08"]
[Round "1.7"]
[White "Parligras, Mircea-Emilian"]
[Black "Stoyanov, Viktor"]
[Result "1-0"]
[WhiteTitle "GM"]
[WhiteElo "2633"]
[BlackElo "2238"]
[WhiteFideId "1204297"]
[BlackFideId "450308"]
[EventDate "2019.04.08"]

1. Nf3 c5 2. c4 Nc6 3. d4 cxd4 4. Nxd4 Nf6 5. Nc3 e6 6. Bf4 d5 7. e3 Nxd4 8.
Qxd4 dxc4 9. Qxd8+ Kxd8 10. Bxc4 Bd7 11. O-O Bb4 12. Be5 Ke7 13. Rfd1 Rac8 14.
Be2 Rhd8 15. a3 Ba5 16. Bd4 Bb6 17. Bxb6 axb6 18. Rd4 Bc6 19. Rb4 Rd2 20. Kf1
Nd5 21. Nxd5+ Bxd5 22. Bd1 Rd8 23. g3 Bc6 24. Ke1 b5 25. Rc1 f5 26. h4 Kf6 27.
Be2 g6 28. Rd1 Rxd1+ 29. Bxd1 e5 30. Be2 Rd5 31. e4 Rc5 32. exf5 gxf5 33. Kd2
Ke6 34. Ke3 Kd6 35. Bd3 Ke6 36. f4 Kf6 37. fxe5+ Rxe5+ 38. Kf4 Rd5 39. Ke3 Re5+
40. Kd2 Rd5 41. Rf4 Bd7 42. Ke3 Ke5 43. Be2 Bc6 44. g4 fxg4 45. Rxg4 Kf6 46. Bd3
Re5+ 47. Kd4 Re7 48. Rf4+ Ke6 49. Kc5 Kd7 50. Kb6 h6 51. Rd4+ Ke8 52. Bxb5 Bxb5
53. Kxb5 Re6 54. a4 Ke7 55. a5 Kf6 56. b4 Kf5 57. Rd7 Kg4 58. Rxb7 Kxh4 59. a6 1-0

[Event "GAMMA Reykjavik Open 2019"]
[Site "Reykjavik ISL"]
[Date "2019.04.08"]
[Round "1.8"]
[White "Birkisson, Bardur Orn"]
[Black "Hovhannisyan, Robert"]
[Result "0-1"]
[WhiteTitle "CM"]
[BlackTitle "GM"]
[WhiteElo "2234"]
[BlackElo "2630"]
[WhiteFideId "2310597"]
[BlackFideId "13302507"]
[EventDate "2019.04.08"]

1. d4 Nf6 2. Nf3 d5 3. Bf4 c5 4. e3 Nc6 5. c3 Qb6 6. Qb3 c4 7. Qc2 Bf5 8. Qc1 e6
9. Nbd2 Be7 10. Be2 O-O 11. O-O Qd8 12. Bd1 b5 13. Bc2 Rc8 14. Bxf5 exf5 15. Ne5
Bd6 16. Nxc6 Rxc6 17. Qc2 Ne4 18. f3 Nxd2 19. Qxd2 Re8 20. Qc2 g6 21. Rae1 Qe7
22. Bxd6 Rxd6 23. Re2 Re6 24. Rfe1 h5 25. a4 b4 26. b3 Rc8 27. cxb4 Qxb4 28.
bxc4 Rxc4 29. Qb2 Qxa4 30. Ra1 Qe8 31. Kf2 a6 32. Ra5 Qd8 33. Qa3 Qh4+ 34. Kg1
Rxd4 35. g3 Rd1+ 36. Kg2 Qc4 37. Qb2 Rxe3 0-1

[Event "GAMMA Reykjavik Open 2019"]
[Site "Reykjavik ISL"]
[Date "2019.04.08"]
[Round "1.9"]
[White "Tari, Aryan"]
[Black "Piasetski, Leon"]
[Result "1-0"]
[WhiteTitle "GM"]
[BlackTitle "IM"]
[WhiteElo "2615"]
[BlackElo "2222"]
[WhiteFideId "1510045"]
[BlackFideId "2600072"]
[EventDate "2019.04.08"]

1. e4 c5 2. Nf3 Nc6 3. d4 cxd4 4. Nxd4 Qb6 5. Nb3 Nf6 6. Nc3 e6 7. Qe2 Qc7 8. g4
h6 9. Bd2 a6 10. Bg2 Bd6 11. h4 Bf4 12. O-O-O Bxd2+ 13. Qxd2 Nxg4 14. f4 d6 15.
h5 Bd7 16. Bf3 Nf6 17. Rhg1 Rg8 18. Qxd6 Qxd6 19. Rxd6 O-O-O 20. e5 Ne8 21. Rd2
Kc7 22. Ne4 f6 23. Nec5 fxe5 24. Bxc6 Kxc6 25. Rgd1 exf4 26. Nxd7 Nf6 27. Nxf6
Rxd2 28. Nxg8 1-0

[Event "GAMMA Reykjavik Open 2019"]
[Site "Reykjavik ISL"]
[Date "2019.04.08"]
[Round "1.10"]
[White "Jaksland, Tim"]
[Black "Lagarde, Maxime"]
[Result "0-1"]
[WhiteTitle "FM"]
[BlackTitle "GM"]
[WhiteElo "2222"]
[BlackElo "2612"]
[WhiteFideId "1401084"]
[BlackFideId "662399"]
[EventDate "2019.04.08"]

1. Nf3 Nc6 2. d4 d6 3. g3 Nf6 4. Bg2 g6 5. O-O Bg7 6. c4 O-O 7. Nc3 Rb8 8. e3 a6
9. Qe2 b5 10. Rd1 b4 11. Nd5 Nd7 12. a3 a5 13. axb4 axb4 14. b3 e6 15. Nf4 e5
16. dxe5 dxe5 17. Nd5 Re8 18. Bb2 Bb7 19. h4 h6 20. Bh3 Nc5 21. Qc2 Bc8 22. Nf4
Qe7 23. Nd5 Qf8 24. Bxc8 Rbxc8 25. Kg2 f5 26. Ne1 e4 27. Ra2 g5 28. hxg5 hxg5
29. Bxg7 Qxg7 30. Qb2 Ne5 31. Ra5 Ncd7 32. Nxb4 c5 33. Nd5 Rc6 34. Ra7 Rh6 35.
Nc7 Rd8 36. Qd2 Qh8 37. Qd5+ Kg7 38. Ne6+ Kf6 39. Nxd8 Rh2+ 40. Kf1 Rxf2+ 41.
Kxf2 Ng4+ 42. Kf1 Qh1+ 0-1

[Event "GAMMA Reykjavik Open 2019"]
[Site "Reykjavik ISL"]
[Date "2019.04.08"]
[Round "1.11"]
[White "Petrosian, Tigran L."]
[Black "Salles, Louis"]
[Result "1-0"]
[WhiteTitle "GM"]
[BlackTitle "CM"]
[WhiteElo "2605"]
[BlackElo "2221"]
[WhiteFideId "13301616"]
[BlackFideId "20641826"]
[EventDate "2019.04.08"]

1. Nf3 d5 2. g3 Nf6 3. Bg2 e6 4. O-O Be7 5. d3 O-O 6. Nbd2 c5 7. e4 Nc6 8. Re1
b5 9. e5 Nd7 10. Nf1 a5 11. h4 a4 12. a3 b4 13. N1h2 Ba6 14. Bf4 Qb6 15. h5 h6
16. Qd2 Rfc8 17. g4 c4 18. d4 c3 19. bxc3 bxc3 20. Qd1 Rab8 21. Kh1 Na5 22. g5
hxg5 23. Bxg5 Qd8 24. Bxe7 Qxe7 25. Rg1 Rb2 26. Bf1 Bxf1 27. Qxf1 Rxc2 28. Qa6
Qd8 29. h6 g6 30. Qd3 Rxf2 31. Rxg6+ Kh8 32. Rg7 f5 33. exf6 Nxf6 34. Ne5 Qe8
35. Ng6+ Qxg6 36. Qxg6 c2 37. Rh7+ 1-0

[Event "GAMMA Reykjavik Open 2019"]
[Site "Reykjavik ISL"]
[Date "2019.04.08"]
[Round "1.12"]
[White "Ghazarian, Kirk"]
[Black "Gupta, Abhijeet"]
[Result "1/2-1/2"]
[BlackTitle "GM"]
[WhiteElo "2209"]
[BlackElo "2602"]
[WhiteFideId "30908604"]
[BlackFideId "5010608"]
[EventDate "2019.04.08"]

1. d4 Nf6 2. c4 Nc6 3. Nf3 e6 4. g3 Bb4+ 5. Bd2 Bxd2+ 6. Qxd2 Qe7 7. Nc3 d5 8.
cxd5 exd5 9. Bg2 O-O 10. O-O Bf5 11. e3 Rad8 12. Ne1 Ne4 13. Nxe4 dxe4 14. Rc1
Nb4 15. a3 Nd5 16. Nc2 h5 17. Nb4 h4 18. Rc5 c6 19. Nxd5 cxd5 20. Rfc1 b6 21.
Rc7 Rd7 22. R7c2 Bg4 23. Qb4 Qf6 24. Rc8 Rxc8 25. Rxc8+ Kh7 26. Qf8 Kg6 27. Bf1
Rd6 28. Rc7 Rd8 29. Qb4 a5 30. Qb5 Rd6 31. Be2 Bxe2 32. Qxe2 Qf5 33. g4 Qg5 34.
h3 f5 35. Kg2 Kh7 36. Rf7 Rf6 37. Rxf6 Qxf6 38. f4 exf3+ 39. Qxf3 fxg4 40. Qxd5
Qg6 41. hxg4 Qxg4+ 42. Kf2 Qg3+ 43. Ke2 Kh6 44. Qf3 Qc7 45. Qf5 Qg3 46. Qf3 Qd6
47. Qf5 g5 48. d5 Qh2+ 49. Qf2 Qc7 50. Qf6+ Kh5 51. d6 Qc4+ 52. Kd2 Qd5+ 53. Qd4
Qg2+ 54. Kd3 Qf1+ 55. Kd2 Qg2+ 56. Kd3 Qf1+ 57. Kd2 1/2-1/2

[Event "GAMMA Reykjavik Open 2019"]
[Site "Reykjavik ISL"]
[Date "2019.04.08"]
[Round "1.13"]
[White "Van Foreest, Jorden"]
[Black "Ptacnikova, Lenka"]
[Result "1-0"]
[WhiteTitle "GM"]
[BlackTitle "WGM"]
[WhiteElo "2598"]
[BlackElo "2202"]
[WhiteFideId "1039784"]
[BlackFideId "305650"]
[EventDate "2019.04.08"]

1. d4 Nf6 2. c4 e6 3. Nf3 Bb4+ 4. Nbd2 O-O 5. a3 Be7 6. e4 d6 7. Be2 a5 8. O-O
Nc6 9. b3 e5 10. d5 Nb8 11. Bb2 Nbd7 12. b4 g6 13. Ne1 Ne8 14. Nd3 Bf6 15. c5
Bg7 16. c6 Nb6 17. bxa5 Rxa5 18. Bc3 Ra7 19. a4 f5 20. a5 fxe4 21. Nb4 Nxd5 22.
Nxd5 bxc6 23. Nb4 Bd7 24. Nxe4 c5 25. Nxc5 1-0

[Event "GAMMA Reykjavik Open 2019"]
[Site "Reykjavik ISL"]
[Date "2019.04.08"]
[Round "1.14"]
[White "Kristjansson, Atli Freyr"]
[Black "Potkin, Vladimir"]
[Result "1/2-1/2"]
[BlackTitle "GM"]
[WhiteElo "2198"]
[BlackElo "2597"]
[WhiteFideId "2302268"]
[BlackFideId "4131061"]
[EventDate "2019.04.08"]

1. Nf3 d5 2. d4 Nf6 3. c4 e6 4. Nc3 c6 5. e3 Nbd7 6. Qc2 Bd6 7. b3 O-O 8. Bb2
Re8 9. Be2 b6 10. O-O Bb7 11. e4 dxe4 12. Nxe4 Nxe4 13. Qxe4 Nf6 14. Qh4 c5 15.
Rad1 Qe7 16. Rfe1 cxd4 17. Nxd4 Bb4 18. Rf1 Ba3 19. Ba1 Bc5 20. Bf3 Bxf3 21.
Nxf3 Rad8 22. Nd4 Qd7 23. Qh3 e5 24. Qxd7 Rxd7 25. Nf5 Red8 26. Rxd7 Rxd7 27.
Bxe5 Rd2 28. a4 Ng4 29. Bxg7 Bxf2+ 30. Kh1 Ne3 31. Nxe3 Kxg7 32. Nd5 h5 33. g3
h4 34. gxh4 Bxh4 35. Rf4 Bf2 36. h3 Bc5 37. b4 Bd6 38. Rg4+ Kf8 39. h4 Ra2 40.
a5 bxa5 41. c5 Be5 42. Rc4 Rd2 43. Ne3 a4 44. c6 Bc7 45. Nc2 f5 46. Na3 Rd5 47.
b5 f4 48. Kg2 Rd2+ 49. Kf1 f3 50. Rc3 f2 51. Rf3+ Ke7 52. Rxf2 Rd3 53. Ra2 Rd4
54. Rc2 Rxh4 55. Rd2 Ke6 56. Rd7 Bb6 57. Ke2 Rb4 58. Kd2 Rb2+ 59. Kc1 Rb3 60.
Nc2 a3 61. Rd4 a2 62. Ra4 Rb1+ 63. Kd2 Rxb5 64. Rxa2 Kd6 65. Na3 Rd5+ 66. Kc3
Kxc6 67. Nc2 Rh5 68. Nb4+ Kb5 69. Nd3 Ba5+ 70. Kc2 Rh2+ 71. Kb3 Rh3 72. Kc2 Bb6
73. Rb2+ Kc6 74. Nb4+ Kd6 75. Nd3 Kc7 76. Nb4 Rh5 77. Kb3 a5 78. Nd3 Kc6 79. Re2
Rh3 80. Kc3 Bc7 81. Rg2 Be5+ 82. Kc4 Rh4+ 83. Kb3 a4+ 84. Ka2 Bd6 85. Rc2+ Kb5
86. Nb2 Rh3 87. Nc4 Bc5 88. Nd2 Rh2 89. Rb2+ Bb4 90. Ne4 Rh6 91. Nc3+ Kc4 92.
Nb1 Rh4 93. Rg2 Rf4 1/2-1/2

[Event "GAMMA Reykjavik Open 2019"]
[Site "Reykjavik ISL"]
[Date "2019.04.08"]
[Round "1.16"]
[White "Dougherty, Michael"]
[Black "Gretarsson, Hjorvar Steinn"]
[Result "0-1"]
[WhiteTitle "FM"]
[BlackTitle "GM"]
[WhiteElo "2183"]
[BlackElo "2571"]
[WhiteFideId "2601559"]
[BlackFideId "2302241"]
[EventDate "2019.04.08"]

1. d4 f5 2. c4 Nf6 3. Nc3 e6 4. g3 Bb4 5. Bg2 O-O 6. Nf3 b6 7. Qb3 Bxc3+ 8. Qxc3
Bb7 9. O-O d6 10. Ne1 Ne4 11. Qe3 Qe7 12. Nd3 Nd7 13. b3 e5 14. dxe5 dxe5 15. f4
exf4 16. gxf4 Rf6 17. Rf3 Re8 18. Bb2 Rg6 19. Ne5 Nxe5 20. Bxe5 Qh4 21. Rh3
Rxg2+ 22. Kxg2 Ng5+ 23. Rf3 Qh3+ 0-1

[Event "GAMMA Reykjavik Open 2019"]
[Site "Reykjavik ISL"]
[Date "2019.04.08"]
[Round "1.17"]
[White "Fier, Alexandr"]
[Black "Ingvason, Johann"]
[Result "1-0"]
[WhiteTitle "GM"]
[WhiteElo "2570"]
[BlackElo "2181"]
[WhiteFideId "2107139"]
[BlackFideId "2301431"]
[EventDate "2019.04.08"]

1. Nf3 Nf6 2. c4 g6 3. d4 c5 4. Nc3 cxd4 5. Nxd4 Bg7 6. e4 O-O 7. Be2 Nc6 8. Be3
d6 9. O-O Nd7 10. Qd2 a5 11. Rfd1 Nxd4 12. Bxd4 Bxd4 13. Qxd4 Qb6 14. Nd5 Qd8
15. Qe3 Nc5 16. e5 Be6 17. Nxe7+ Qxe7 18. exd6 Qf6 19. Qxc5 Qxb2 20. Bf1 b6 21.
Qe3 Bf5 22. Rac1 Rfe8 23. Qd2 Qxd2 24. Rxd2 Red8 25. c5 bxc5 26. Rxc5 Be6 27. a4
Rac8 28. Rxa5 Rc1 29. Rd4 Rc6 30. Rb5 Rdxd6 31. Rxd6 Rxd6 32. Rb1 Kg7 33. a5 Bc8
34. Ra1 Ba6 35. Bxa6 Rxa6 36. f4 Kf6 37. Kf2 Ke6 38. Kf3 f5 39. h3 h6 40. Re1+
Kf6 41. Ra1 Ke6 42. Ke3 Kd5 43. g4 Re6+ 44. Kd3 Ra6 45. gxf5 gxf5 46. Re1 Rg6
47. Re5+ Kc6 48. Kd4 Rd6+ 49. Kc4 Rf6 50. Rb5 Kc7 51. Rb6 Rf8 52. Rxh6 Re8 53.
Kd5 Re4 54. Rc6+ Kb7 55. Rc4 Re3 56. h4 Ka6 57. h5 Kxa5 58. h6 Kb5 59. Rc7 Kb6
60. Rf7 Rh3 61. h7 Rh5 62. Ke5 Kc6 1-0

[Event "GAMMA Reykjavik Open 2019"]
[Site "Reykjavik ISL"]
[Date "2019.04.08"]
[Round "1.18"]
[White "Esbensen, Arnt"]
[Black "Djukic, Nikola"]
[Result "0-1"]
[BlackTitle "GM"]
[WhiteElo "2176"]
[BlackElo "2566"]
[WhiteFideId "1503251"]
[BlackFideId "922412"]
[EventDate "2019.04.08"]

1. d4 Nf6 2. c4 g6 3. Nf3 Bg7 4. Nc3 O-O 5. Bf4 d6 6. e3 Nc6 7. Be2 Nh5 8. Bg5
h6 9. Bh4 g5 10. d5 Nb8 11. Nd4 Nf4 12. exf4 gxh4 13. Qd3 c6 14. Nf5 cxd5 15.
cxd5 Bxf5 16. Qxf5 Qc8 17. Qxc8 Rxc8 18. Kd2 Bxc3+ 19. bxc3 Rc7 20. Rhe1 Nd7 21.
Rab1 Nb6 22. Rb5 Kf8 23. Bd3 Rac8 24. Bf5 Rc5 25. Reb1 R8c7 26. R1b3 Rxd5+ 27.
Rxd5 Nxd5 28. Be4 Nb6 29. Ke2 Na4 30. Rxb7 Nxc3+ 31. Kd3 Rxb7 32. Bxb7 Nxa2 33.
Kc4 a5 34. Kb5 Nc3+ 35. Kxa5 Nd1 36. Kb4 Nxf2 37. Kc3 h3 38. g3 Ng4 39. Kd4 0-1

[Event "GAMMA Reykjavik Open 2019"]
[Site "Reykjavik ISL"]
[Date "2019.04.08"]
[Round "1.19"]
[White "Stefansson, Hannes"]
[Black "Gantar, Jan"]
[Result "1-0"]
[WhiteTitle "GM"]
[WhiteElo "2558"]
[BlackElo "2172"]
[WhiteFideId "2300087"]
[BlackFideId "14607875"]
[EventDate "2019.04.08"]

1. e4 Nf6 2. e5 Nd5 3. d4 d6 4. c4 Nb6 5. exd6 cxd6 6. Nc3 g6 7. Be3 Bg7 8. Rc1
O-O 9. b3 Bf5 10. Be2 d5 11. Bf3 Nc6 12. g4 Be4 13. Nxe4 dxe4 14. Bxe4 Nxd4 15.
Bxb7 Rb8 16. Bg2 e5 17. Nf3 Re8 18. O-O Nxf3+ 19. Qxf3 e4 20. Qg3 Qe7 21. Rfe1
Qa3 22. Bxe4 Qxa2 23. c5 Nd7 24. c6 Ne5 25. c7 Rbc8 26. Bb7 Nd3 27. Bxc8 Rxc8
28. Qd6 Nxe1 29. Qd8+ Bf8 30. Qxc8 Nf3+ 31. Kh1 1-0

[Event "GAMMA Reykjavik Open 2019"]
[Site "Reykjavik ISL"]
[Date "2019.04.08"]
[Round "1.20"]
[White "Thorhallsson, Simon"]
[Black "Cornette, Matthieu"]
[Result "0-1"]
[BlackTitle "GM"]
[WhiteElo "2171"]
[BlackElo "2556"]
[WhiteFideId "2310090"]
[BlackFideId "620084"]
[EventDate "2019.04.08"]

1. d4 e6 2. c4 b6 3. e4 Bb7 4. Bd3 Bb4+ 5. Kf1 Be7 6. Nc3 d6 7. Nf3 Nd7 8. Qe2
Bf6 9. Bd2 Ne7 10. g3 O-O 11. Kg2 c5 12. d5 Ng6 13. Rae1 Re8 14. Qd1 a6 15. a4
h6 16. Qc2 Rc8 17. Bc1 Bd4 18. Rhf1 Qf6 19. Nd1 b5 20. axb5 axb5 21. b3 Nge5 22.
Nxe5 Nxe5 23. f4 Nxd3 24. Qxd3 bxc4 25. bxc4 exd5 26. exd5 Ba6 27. Nf2 Bxf2 28.
Kxf2 Qa1 29. Bd2 Qa2 30. Rc1 Rb8 31. Rc2 Rb2 32. Rxb2 Qxb2 33. Rc1 Re4 34. Rb1
Rd4 35. Rxb2 Rxd3 36. Ba5 Bxc4 37. Rb8+ Kh7 38. Rd8 Rxd5 39. Bc7 Rd2+ 40. Ke1
Re2+ 41. Kd1 Rxh2 42. Bxd6 Bb3+ 43. Ke1 c4 44. Be5 f6 45. Bd4 Rh1+ 46. Ke2 Rd1
47. Ke3 Rd3+ 48. Ke4 Rxg3 49. Rc8 h5 0-1

[Event "GAMMA Reykjavik Open 2019"]
[Site "Reykjavik ISL"]
[Date "2019.04.08"]
[Round "1.21"]
[White "Praggnanandhaa, R"]
[Black "Maisuradze, Nino"]
[Result "1-0"]
[WhiteTitle "GM"]
[BlackTitle "WGM"]
[WhiteElo "2537"]
[BlackElo "2168"]
[WhiteFideId "25059530"]
[BlackFideId "13601717"]
[EventDate "2019.04.08"]

1. g3 d5 2. Bg2 e5 3. d3 Nf6 4. Nd2 Be7 5. Ngf3 Nc6 6. O-O Bg4 7. c4 Qd7 8. a3
a5 9. cxd5 Nxd5 10. Re1 a4 11. b3 axb3 12. Qxb3 Be6 13. Nc4 Nb6 14. Nxb6 Bxb3
15. Nxd7 Kxd7 16. Rb1 Be6 17. Rxb7 Rhb8 18. Rb2 f6 19. Rc2 Ra6 20. e3 Na7 21. d4
e4 22. Nd2 f5 23. f3 exf3 24. Nxf3 Rb1 25. Bf1 Ra4 26. Rc3 Nb5 27. Ne5+ Kc8 28.
Rc6 Bd5 29. Bd3 Rb3 30. Bc2 1-0

[Event "GAMMA Reykjavik Open 2019"]
[Site "Reykjavik ISL"]
[Date "2019.04.08"]
[Round "1.23"]
[White "Brunello, Sabino"]
[Black "Halldorsson, Jon Arni"]
[Result "1-0"]
[WhiteTitle "GM"]
[WhiteElo "2534"]
[BlackElo "2163"]
[WhiteFideId "813613"]
[BlackFideId "2301075"]
[EventDate "2019.04.08"]

1. d4 d5 2. c4 c6 3. Nf3 Nf6 4. Qb3 dxc4 5. Qxc4 Bf5 6. g3 e6 7. Bg2 Nbd7 8. O-O
Be7 9. e3 h6 10. Rd1 O-O 11. Qe2 Qa5 12. Bd2 Qb6 13. Nc3 Rfe8 14. e4 Bh7 15. Ne1
Qxd4 16. Bxh6 Qb6 17. Be3 Qa5 18. Nf3 e5 19. Ng5 Bg6 20. h4 Bc5 21. Bd2 Bh5 22.
Bf3 Bxf3 23. Qxf3 Qd8 24. Na4 Bd4 25. Qb3 Qe7 26. Qxb7 c5 27. Qb3 Ng4 28. Be1
Rab8 29. Qf3 Ngf6 30. Bc3 Rec8 31. Rac1 Nf8 32. b3 Ne6 33. Bd2 Nd7 34. Nc3 Bxc3
35. Rxc3 Nd4 36. Qd3 Rc6 37. Nf3 Re8 38. Rcc1 Rd6 39. Bc3 Rf6 40. Ng5 Rd6 41.
Bxd4 Rxd4 42. Qc2 Nb6 43. Nf3 Rxd1+ 44. Qxd1 a5 45. Qe2 1-0

[Event "GAMMA Reykjavik Open 2019"]
[Site "Reykjavik ISL"]
[Date "2019.04.08"]
[Round "1.24"]
[White "Bjornsson, Tomas"]
[Black "Sadzikowski, Daniel"]
[Result "0-1"]
[WhiteTitle "FM"]
[BlackTitle "GM"]
[WhiteElo "2156"]
[BlackElo "2523"]
[WhiteFideId "2300303"]
[BlackFideId "1132253"]
[EventDate "2019.04.08"]

1. d4 Nf6 2. Nf3 e6 3. c4 d5 4. g3 Nbd7 5. Nbd2 Be7 6. Bg2 O-O 7. O-O b6 8. b3
Bb7 9. Bb2 c5 10. cxd5 exd5 11. dxc5 bxc5 12. Ne5 Nxe5 13. Bxe5 Qb6 14. Qc2 Rfe8
15. Rfe1 Ng4 16. Bb2 c4 17. e3 Bf6 18. Bxf6 Qxf6 19. Nf3 Rac8 20. h3 Ne5 21.
Nxe5 Qxe5 22. bxc4 Rxc4 23. Qb3 Bc8 24. Rac1 Be6 25. Qb5 Rb8 26. Qa5 Qb2 27. Rb1
Qxb1 28. Rxb1 Rxb1+ 29. Kh2 g6 30. Bxd5 Rc2 31. g4 Rxf2+ 32. Kg3 Re2 33. Bxe6
Rxe3+ 34. Kh4 Rxe6 35. Qd8+ Kg7 36. Qd4+ Kf8 37. Qc5+ Re7 38. Qd4 Re6 39. Qd8+
Re8 40. Qd4 Kg8 41. Kg5 Rb6 42. Kh6 g5+ 43. Kxg5 Reb8 44. a4 Rg6+ 45. Kh5 a6 46.
Qe5 Rc8 47. Qd4 h6 48. h4 Rc2 49. Qd8+ Kh7 50. Qd5 Rg5+ 0-1

[Event "GAMMA Reykjavik Open 2019"]
[Site "Reykjavik ISL"]
[Date "2019.04.08"]
[Round "1.25"]
[White "Hjartarson, Johann"]
[Black "Laustsen, Lars"]
[Result "1-0"]
[WhiteTitle "GM"]
[WhiteElo "2520"]
[BlackElo "2155"]
[WhiteFideId "2300044"]
[BlackFideId "1407554"]
[EventDate "2019.04.08"]

1. e4 c5 2. Ne2 d6 3. g3 g6 4. Bg2 Bg7 5. O-O Nc6 6. c3 e5 7. d3 Nge7 8. a3 O-O
9. b4 cxb4 10. axb4 b5 11. Na3 Rb8 12. Bg5 Bg4 13. Nc2 Qc7 14. h3 Be6 15. Ra3 h6
16. Bxe7 Nxe7 17. Qa1 Ra8 18. Ne3 Qd7 19. h4 h5 20. f4 Bh6 21. d4 Rfc8 22. Kh2
Rc7 23. Qe1 Rf8 24. Qf2 exf4 25. Nxf4 Bc4 26. Rfa1 Bxf4 27. Qxf4 Nc8 28. g4 Qe7
29. gxh5 Kg7 30. Bf3 Nb6 31. Rg1 Kh7 32. Rg5 Rg8 33. Ng4 f5 34. hxg6+ Rxg6 35.
Rxg6 Qxh4+ 36. Kg2 fxg4 37. Rxg4 1-0

[Event "GAMMA Reykjavik Open 2019"]
[Site "Reykjavik ISL"]
[Date "2019.04.08"]
[Round "1.26"]
[White "Abrahams, Daniel"]
[Black "Kanarek, Marcel"]
[Result "1-0"]
[BlackTitle "GM"]
[WhiteElo "2143"]
[BlackElo "2505"]
[WhiteFideId "2606879"]
[BlackFideId "1126822"]
[EventDate "2019.04.08"]

1. c4 g6 2. Nc3 Bg7 3. g3 Nf6 4. Bg2 O-O 5. Nf3 d6 6. O-O c5 7. a3 Nc6 8. Rb1 a5
9. d3 Bd7 10. Bg5 h6 11. Bd2 Ne8 12. Ne1 Nc7 13. Nc2 a4 14. Ne3 Na5 15. Nxa4
Nxc4 16. dxc4 Bxa4 17. Qc1 Bc6 18. Nd5 Bxd5 19. cxd5 h5 20. f4 Nb5 21. e3 Qd7
22. Qc2 Rfc8 23. f5 g5 24. Qd1 g4 25. h3 c4 26. hxg4 hxg4 27. Qxg4 c3 28. bxc3
Nxc3 29. Rb3 Ra4 30. Qh5 Ne4 31. Bxe4 Rxe4 32. Rfb1 Qa4 33. Rxb7 Qxa3 34. Rb8
Rc4 35. f6 exf6 36. R1b7 Qa1+ 37. Kf2 f5 38. Qxf7+ Kh8 39. Rb1 Rxb8 40. Rxb8+
Kh7 41. Qxf5+ 1-0